Loreto College Library, Kolkata
WEBOPAC (ONLINE PUBLIC ACCESS CATALOGUE)

An introduction to Sophocles (Record no. 5871)

MARC details
000 -LEADER
fixed length control field 00537nam a2200205Ia 4500
005 - DATE AND TIME OF LATEST TRANSACTION
control field 20230201135814.0
008 - FIXED-LENGTH DATA ELEMENTS--GENERAL INFORMATION
fixed length control field 131103s9999 xx 000 0 und d
020 ## - ISBN | অাই এস বি এন
ISBN | অাই এস বি এন SBN 41641846
PRICE GBP 2.20
040 ## - CATALOGING SOURCE
Original cataloging agency Loreto College
041 ## - LANGUAGE CODE
Language code English
082 ## - DDC | ডিউই
Classification number | বর্গসংখ্যা 882
Book Number | গ্রন্থাঙ্ক SOP
100 ## - MAIN ENTRY--PERSONAL NAME | মুখ্য সংলেখ - ব্যাক্তিনাম
Personal name | ব্যাক্তিনাম Webster,T.B.L.
245 #3 - TITLE STATEMENT | অাখ্যা বিবরণী
Title | অাখ্যা An introduction to Sophocles
Statement of responsibility | লেখকের দায়িত্বের বিবরণ T.B.L.Webster
260 ## - IMPRINT | প্রকাশনা ক্ষেত্র
Place of publication | প্রকাশ স্থান London
Name of publisher | প্রকাশকের নাম Methuen
Date of publication | প্রকাশ কাল 1969
300 ## - PHYSICAL DESCRIPTION |
Page / Vol. No | পৃষ্ঠা / খন্ড সংখ্যা x,220 p.
504 ## - BIBLIOGRAPHY, ETC. NOTE
Bibliography, etc Includes appendix and index
650 ## - SUBJECT ADDED ENTRY--TOPICAL TERM | বিষয় শিরোনাম - মূল বিষয়
Topical term | মূল বিষয় Sophocles,4496 -406 B.C.
850 ## - HOLDING INSTITUTION
Holding institution LCLIB
942 ## - ADDED ENTRY ELEMENTS (KOHA)
Koha item type Books
Holdings
Withdrawn status Lost status Source of classification Damaged status Not for loan Home library Current library Date acquired Total Checkouts Full call number Accession No. Date last seen Date checked out Price effective from Koha item type Coded location qualifier
    Dewey Decimal Classification     Loreto College Loreto College 04/11/2013 1 882 SOP 22560 B5739 08/08/2016 08/08/2016 04/11/2013 Books